[Event "SR 2. liga A 2016/2017"]
[Site "?"]
[Date "2018.02.25"]
[Round "9.5"]
[White "Varga, David"]
[Black "Karas, Marek"]
[Result "1/2-1/2"]
[WhiteElo "2312"]
[BlackElo "2196"]
[PlyCount "109"]
[EventDate "2017.??.??"]
[WhiteTeam "SK Senec"]
[BlackTeam "SK Osuske B"]

1. e4 e6 2. d4 d5 3. Nc3 Nf6 4. Bg5 dxe4 5. Nxe4 Be7 6. Bxf6 gxf6 7. Nf3 f5 8.
Ng3 c5 9. c3 Nc6 10. Bb5 cxd4 11. Nxd4 Bd7 12. O-O Nxd4 13. Qxd4 Rg8 14. Bxd7+
Qxd7 15. Qxd7+ Kxd7 16. Rad1+ Kc7 17. Rd3 Rad8 18. Rfd1 Rxd3 19. Rxd3 Rd8 20.
Rxd8 Bxd8 21. Kf1 Kc6 22. Ke2 b5 23. Kd3 Kd5 24. Ne2 Bb6 25. f3 Bc7 26. h4 Be5
27. Nc1 Bf6 28. h5 e5 29. Ne2 e4+ 30. Ke3 Bg5+ 31. Kf2 e3+ 32. Kg3 Kc4 33. Nc1
b4 34. cxb4 Bf6 35. f4 Bxb2 36. Ne2 Kxb4 37. Kf3 Ka3 38. Ng3 Kxa2 39. Nxf5 Kb3
40. Nd6 a5 41. Nb7 Bc3 42. Kxe3 Bb4 43. Nxa5+ Bxa5 44. Kd4 Bc7 45. g3 Kb4 46.
Ke4 Kc5 47. Kf5 Bd8 48. g4 Kd6 49. g5 Ke7 50. g6 hxg6+ 51. hxg6 f6 52. Ke4 Kf8
53. Kd5 Kg7 54. f5 Be7 55. Ke6 1/2-1/2

[Event "SR 2. liga A 2016/2017"]
[Site "?"]
[Date "2018.02.25"]
[Round "9.5"]
[White "Hecko, Dusan"]
[Black "Balogh, Peter"]
[Result "0-1"]
[WhiteElo "2084"]
[BlackElo "2273"]
[PlyCount "38"]
[EventDate "2017.??.??"]
[WhiteTeam "SK Osuske B"]
[BlackTeam "SK Senec"]

1. c4 Nf6 2. Nc3 g6 3. Nf3 Bg7 4. g3 O-O 5. Bg2 d6 6. O-O c5 7. d4 Nc6 8. dxc5
dxc5 9. Qxd8 Rxd8 10. Bd2 Be6 11. b3 Rd7 12. Rfd1 Rad8 13. Rac1 b6 14. Be1 Nd4
15. e3 Ne2+ 16. Kf1 Nxc1 17. Rxc1 Ng4 18. h3 Ne5 19. Rc2 Nxf3 0-1

[Event "SR 2. liga A 2016/2017"]
[Site "?"]
[Date "2018.02.25"]
[Round "9.5"]
[White "Koloditsova, Renata"]
[Black "Polasek, Filip"]
[Result "0-1"]
[WhiteElo "2006"]
[BlackElo "2058"]
[PlyCount "48"]
[EventDate "2017.??.??"]
[WhiteTeam "SK Senec"]
[BlackTeam "SK Osuske B"]

1. d4 d5 2. Bf4 e6 3. e3 Nf6 4. Nf3 Be7 5. h3 O-O 6. Nbd2 Nbd7 7. Bd3 c5 8. c3
c4 9. Bc2 b5 10. a3 a5 11. e4 dxe4 12. Nxe4 Bb7 13. Nxf6+ Nxf6 14. O-O Qd5 15.
Re1 Qh5 16. Re5 Bxf3 17. gxf3 Qxh3 18. Rxb5 Nd5 19. Bg3 Ne3 20. fxe3 Qxg3+ 21.
Kf1 Qh2 22. f4 Qh1+ 23. Kf2 Bh4+ 24. Ke2 Qg2# 0-1

[Event "SR 2. liga A 2016/2017"]
[Site "?"]
[Date "2018.02.25"]
[Round "9.5"]
[White "Pericka, Tomas"]
[Black "Micek, Jaroslav"]
[Result "1/2-1/2"]
[WhiteElo "2012"]
[BlackElo "2063"]
[PlyCount "81"]
[EventDate "2017.??.??"]
[WhiteTeam "SK Osuske B"]
[BlackTeam "SK Senec"]

1. e4 c5 2. Nf3 d6 3. Bb5+ Bd7 4. Qe2 a6 5. Bxd7+ Qxd7 6. O-O Nc6 7. c3 Nf6 8.
d4 cxd4 9. cxd4 d5 10. e5 Ne4 11. Nbd2 Nxd2 12. Bxd2 e6 13. Rac1 Be7 14. Qd3
Qd8 15. h3 Qb6 16. Be3 O-O 17. Nh2 Qb5 18. Qd1 Rac8 19. Qh5 Na5 20. Ng4 Qd3 21.
Bg5 Bxg5 22. Qxg5 Qg6 23. Qe7 Rc2 24. Rxc2 Qxc2 25. Qg5 Nc6 26. Rc1 Qg6 27. Qd2
Qe4 28. Qg5 Kh8 29. Rc3 Qg6 30. Qd2 h6 31. Rg3 Qg5 32. Ne3 Qh4 33. Rg4 Qe7 34.
a3 f5 35. exf6 Qxf6 36. g3 Qf3 37. Ng2 g5 38. Nh4 Qf6 39. Ng2 Qf5 40. Ne3 Qf6
41. h4 1/2-1/2

[Event "SR 2. liga A 2016/2017"]
[Site "?"]
[Date "2018.02.25"]
[Round "9.5"]
[White "Pusec, Pavel"]
[Black "Ocko, Martin"]
[Result "0-1"]
[WhiteElo "1971"]
[BlackElo "2007"]
[PlyCount "86"]
[EventDate "2017.??.??"]
[WhiteTeam "SK Senec"]
[BlackTeam "SK Osuske B"]

1. f4 d5 2. Nf3 g6 3. e3 Bg7 4. d4 Nf6 5. Bd3 b6 6. O-O Bb7 7. Nbd2 e6 8. c3
Nbd7 9. Ne5 O-O 10. Qf3 c5 11. g4 Nxe5 12. fxe5 Nd7 13. Qh3 f6 14. exf6 Rxf6
15. Rxf6 Qxf6 16. Nf3 Rf8 17. Bb5 Qxf3 18. Qxf3 Rxf3 19. Bxd7 e5 20. dxc5 bxc5
21. Bd2 Bh6 22. Rf1 Rxf1+ 23. Kxf1 Kf7 24. Bb5 Bg5 25. Ke2 Bc8 26. Kf3 e4+ 27.
Kg3 d4 28. cxd4 cxd4 29. Bc6 Bxe3 30. Bxe3 dxe3 31. h3 Kf6 32. Bxe4 Ke5 33. Bd3
Bb7 34. a3 Be4 35. Be2 g5 36. Bf1 Kd4 37. Be2 h6 38. a4 a5 39. Bb5 Kc5 40. h4
Kb4 41. hxg5 hxg5 42. Bd7 Kb3 43. Bf5 Bc6 0-1

[Event "SR 2. liga A 2016/2017"]
[Site "?"]
[Date "2018.02.25"]
[Round "9.5"]
[White "Nemeckay, Rastislav"]
[Black "Cibik, Jan"]
[Result "1/2-1/2"]
[WhiteElo "1946"]
[BlackElo "1864"]
[PlyCount "55"]
[EventDate "2017.??.??"]
[WhiteTeam "SK Osuske B"]
[BlackTeam "SK Senec"]

1. e4 e5 2. Nf3 d6 3. d4 exd4 4. Qxd4 Nc6 5. Bb5 Bd7 6. Bxc6 Bxc6 7. Nc3 Nf6 8.
Bg5 Be7 9. O-O-O h6 10. Bh4 O-O 11. Rhe1 Nd7 12. Bxe7 Qxe7 13. Nd5 Bxd5 14.
exd5 Qd8 15. Re3 Nf6 16. g4 Re8 17. Rde1 Qd7 18. h3 Rxe3 19. Rxe3 Re8 20. c4
Rxe3 21. fxe3 b6 22. Kd2 h5 23. Nh2 a5 24. b3 hxg4 25. Nxg4 Nxg4 26. hxg4 Qe7
27. Qf4 Qh4 28. g5 1/2-1/2

[Event "SR 2. liga A 2016/2017"]
[Site "?"]
[Date "2018.02.25"]
[Round "9.5"]
[White "Halasz, Adam"]
[Black "Jarabek, Milan"]
[Result "0-1"]
[WhiteElo "1750"]
[BlackElo "1713"]
[PlyCount "90"]
[EventDate "2017.??.??"]
[WhiteTeam "SK Senec"]
[BlackTeam "SK Osuske B"]

1. e4 c5 2. Nf3 d6 3. d4 cxd4 4. Nxd4 Nf6 5. Nc3 a6 6. Be2 e6 7. Bg5 Be7 8. Qd2
b5 9. a3 Bb7 10. Bf3 Qc7 11. O-O O-O 12. Rfd1 Rd8 13. Qd3 Nbd7 14. Bh4 Ne5 15.
b3 Nfg4 16. Bxg4 Nxg4 17. Qg3 Bxh4 18. Qxh4 Nf6 19. Rd3 d5 20. exd5 Nxd5 21.
Nde2 Nxc3 22. Rxd8+ Qxd8 23. Qxd8+ Rxd8 24. Nxc3 Kf8 25. Rd1 Rxd1+ 26. Nxd1 Ke7
27. g3 Bf3 28. Ne3 Kd6 29. Kf1 f5 30. Ke1 g5 31. c3 f4 32. Nc2 Bd5 33. b4 e5
34. Kd2 Bc4 35. Ne1 Kd5 36. Nf3 h6 37. h4 Ke4 38. Nh2 gxh4 39. gxh4 h5 40. f3+
Kd5 41. Ke1 Bd3 42. Nf1 Bxf1 43. Kxf1 Kc4 44. Ke2 Kxc3 45. Kd1 Kd3 0-1

[Event "SR 2. liga A 2016/2017"]
[Site "?"]
[Date "2018.02.25"]
[Round "9.6"]
[White "Takacs, Laszlo"]
[Black "Sosovicka, Juraj"]
[Result "1-0"]
[WhiteElo "2231"]
[BlackElo "2137"]
[PlyCount "95"]
[EventDate "2017.??.??"]
[WhiteTeam "DSC Potonska veza"]
[BlackTeam "SK Nafta Gbely"]

1. e4 e5 2. Bc4 Nf6 3. d4 exd4 4. e5 d5 5. Qxd4 dxc4 6. Qxd8+ Kxd8 7. exf6 gxf6
8. Nf3 Bb4+ 9. c3 Bd6 10. O-O Nc6 11. Nbd2 Be6 12. Ne4 Ne5 13. Nd4 f5 14. Bg5+
Kc8 15. Ng3 Nd3 16. Rab1 f4 17. Ne4 Rg8 18. h4 a5 19. b3 Rg6 20. h5 Rg8 21.
Nxe6 fxe6 22. bxc4 f3 23. g3 Nc5 24. Nxd6+ cxd6 25. Be3 Ne4 26. Rb6 Ra6 27.
Rxa6 bxa6 28. Rb1 Nxc3 29. Rb6 Kc7 30. Rxa6 Nd1 31. Bd2 h6 32. Bxa5+ Kd7 33.
Ra7+ Ke8 34. Ra8+ Kf7 35. Rxg8 Kxg8 36. Bc7 Nb2 37. Bxd6 Nxc4 38. Bf4 Kg7 39.
a4 e5 40. Be3 e4 41. Bd4+ Kf7 42. g4 Ke6 43. g5 hxg5 44. h6 Nd6 45. h7 Nf7 46.
a5 Kd6 47. a6 Kc6 48. Kh2 1-0

[Event "SR 2. liga A 2016/2017"]
[Site "?"]
[Date "2018.02.25"]
[Round "9.6"]
[White "Pribila, Gerhard"]
[Black "Marosi, Csaba"]
[Result "1-0"]
[WhiteElo "2109"]
[BlackElo "2018"]
[PlyCount "87"]
[EventDate "2017.??.??"]
[WhiteTeam "SK Nafta Gbely"]
[BlackTeam "DSC Potonska veza"]

1. e4 c5 2. c3 d5 3. exd5 Qxd5 4. d4 Nc6 5. Nf3 Bg4 6. dxc5 Qxd1+ 7. Kxd1 e5 8.
b4 e4 9. h3 Bh5 10. g4 exf3 11. gxh5 Nf6 12. Nd2 O-O-O 13. Kc2 Nxh5 14. Nxf3
Be7 15. Bb5 Bf6 16. Be3 Ne7 17. Rad1 Nd5 18. Bd4 a6 19. Bc4 Rhe8 20. Bxf6 Nhxf6
21. Rhe1 Rxe1 22. Rxe1 Rd7 23. a4 Nf4 24. h4 N6d5 25. Re8+ Rd8 26. Rxd8+ Kxd8
27. c6 bxc6 28. Bxa6 f6 29. Bf1 h6 30. Kb3 g5 31. c4 Ne7 32. hxg5 fxg5 33. b5
cxb5 34. cxb5 Kc7 35. a5 Nf5 36. Kb4 g4 37. Ne5 g3 38. fxg3 Nxg3 39. Bc4 Ne4
40. b6+ Kb7 41. Nd3 Nxd3+ 42. Bxd3 Nd6 43. Kc5 Ne8 44. a6+ 1-0

[Event "SR 2. liga A 2016/2017"]
[Site "?"]
[Date "2018.02.25"]
[Round "9.6"]
[White "Darasz, Zoltan"]
[Black "Danada, Ondrej"]
[Result "1/2-1/2"]
[WhiteElo "2175"]
[BlackElo "1858"]
[PlyCount "56"]
[EventDate "2017.??.??"]
[WhiteTeam "DSC Potonska veza"]
[BlackTeam "SK Nafta Gbely"]

1. e4 c6 2. d4 d5 3. Nc3 dxe4 4. Nxe4 Bf5 5. Ng3 Bg6 6. Nf3 Nd7 7. Bd3 Bxd3 8.
Qxd3 Qc7 9. Bd2 Ngf6 10. O-O-O e6 11. Qe2 O-O-O 12. Ne5 Nxe5 13. dxe5 Nd7 14.
f4 Be7 15. Ne4 Nc5 16. Nxc5 Bxc5 17. Qg4 Rhg8 18. Rhe1 g6 19. g3 a6 20. Be3
Bxe3+ 21. Rxe3 Rxd1+ 22. Qxd1 Rd8 23. Rd3 Rxd3 24. Qxd3 Qd7 25. Kd2 Kc7 26.
Qxd7+ Kxd7 27. Kd3 c5 28. Kc4 Kc6 1/2-1/2

[Event "SR 2. liga A 2016/2017"]
[Site "?"]
[Date "2018.02.25"]
[Round "9.6"]
[White "Brunovsky, Peter"]
[Black "Cibulka, Vladimir"]
[Result "1/2-1/2"]
[WhiteElo "1829"]
[BlackElo "2152"]
[PlyCount "175"]
[EventDate "2017.??.??"]
[WhiteTeam "SK Nafta Gbely"]
[BlackTeam "DSC Potonska veza"]

1. c4 e5 2. Nc3 Nc6 3. e4 Bc5 4. g3 Nf6 5. Bg2 d6 6. Nge2 Bg4 7. h3 Be6 8. d3
Qd7 9. Bd2 Nd4 10. Nxd4 Bxd4 11. Qc1 c6 12. Ne2 Bb6 13. Bc3 Qe7 14. b3 Nd7 15.
Qd2 O-O 16. g4 Rad8 17. Bb4 Nc5 18. Bxc5 Bxc5 19. b4 Bb6 20. O-O a6 21. Kh2 d5
22. c5 Bc7 23. Qc2 Qh4 24. Kg1 h5 25. f3 hxg4 26. fxg4 Rd7 27. Rad1 Bd8 28. a3
Bg5 29. Rf3 Rfd8 30. Nc3 Qh6 31. Qe2 Bf4 32. Kf1 dxe4 33. Nxe4 Rd4 34. Nd6 Rd7
35. Kg1 Qg5 36. Kf1 g6 37. Ne4 Qd8 38. Nc3 Bb3 39. Rb1 Be6 40. Rd1 Bc4 41. Ne4
Bd5 42. Rf2 Bb3 43. Nd6 Bxd1 44. Qxd1 R7xd6 45. cxd6 Qxd6 46. Ke2 a5 47. Be4
axb4 48. axb4 Rxb4 49. Kf3 Qd4 50. Qe2 Rb1 51. Kg2 Be3 52. Qa2 Bxf2 53. Qxb1
Qb6 54. Qxb6 Bxb6 55. Kf3 Kg7 56. Kg3 g5 57. h4 gxh4+ 58. Kxh4 f6 59. Kg3 Kf7
60. Bf5 Bd4 61. Bc8 b6 62. Bb7 c5 63. Ba6 Ke6 64. Kf3 Bb2 65. Ke4 Bc1 66. Bb5
Bg5 67. Ba6 Kd6 68. Bb5 Bh4 69. Ba4 Bf2 70. Bb5 Bd4 71. Ba4 Ke7 72. Bb5 Kf7 73.
Kf5 Ke7 74. Ke4 Bc3 75. Ba4 Bd2 76. Bb5 Kd6 77. Ba4 c4 78. dxc4 Kc5 79. Bb5 Bg5
80. Ba6 Kb4 81. Bb5 Kc3 82. Ba6 Kd2 83. Bb5 Ke1 84. Ba6 Kf2 85. Bb5 Kg3 86. Bd7
Bd2 87. Bc8 Bg5 88. Bd7 1/2-1/2

[Event "SR 2. liga A 2016/2017"]
[Site "?"]
[Date "2018.02.25"]
[Round "9.6"]
[White "Keresztes, Mark"]
[Black "Kocak, Branislav"]
[Result "1/2-1/2"]
[WhiteElo "1992"]
[BlackElo "1882"]
[PlyCount "99"]
[EventDate "2017.??.??"]
[WhiteTeam "DSC Potonska veza"]
[BlackTeam "SK Nafta Gbely"]

1. c4 Nf6 2. Nc3 c5 3. e4 d6 4. g3 Nc6 5. Bg2 g6 6. d3 Bg7 7. Nge2 O-O 8. O-O
Ne8 9. h3 f5 10. Rb1 Nd4 11. a3 a5 12. b3 Nxe2+ 13. Nxe2 e5 14. Bd2 fxe4 15.
dxe4 Bd7 16. Be3 Bc6 17. Qd2 Kh8 18. Rfd1 Qc7 19. Nc3 Rd8 20. b4 axb4 21. axb4
cxb4 22. Rxb4 Qa5 23. Rdb1 Ra8 24. Bb6 Qa6 25. Bf1 Nf6 26. c5 dxc5 27. Bxa6
cxb4 28. Rxb4 Rxa6 29. Bc7 Nd7 30. Nd5 Re8 31. Qc2 Nf6 32. Nc3 Raa8 33. Qb3 Nd7
34. Qd1 Nc5 35. Rc4 Ne6 36. Bb6 Ra6 37. Be3 Rd8 38. Qg4 Nd4 39. Kg2 Rf8 40. Nd5
Ra2 41. Rc1 Rb2 42. Ne7 Nf5 43. Nxf5 gxf5 44. Qg5 Bxe4+ 45. Kg1 Rb1 46. Rxb1
Bxb1 47. Qe7 Be4 48. f4 exf4 49. Bxf4 Ra8 50. Be5 1/2-1/2

[Event "SR 2. liga A 2016/2017"]
[Site "?"]
[Date "2018.02.25"]
[Round "9.6"]
[White "Valla, Tomas"]
[Black "Kalmar, Tamas"]
[Result "0-1"]
[WhiteElo "1853"]
[BlackElo "2098"]
[PlyCount "98"]
[EventDate "2017.??.??"]
[WhiteTeam "SK Nafta Gbely"]
[BlackTeam "DSC Potonska veza"]

1. e4 c6 2. d4 d5 3. f3 e6 4. Nc3 Nf6 5. e5 Nfd7 6. f4 g6 7. Nf3 c5 8. Be3 Nc6
9. Qd2 cxd4 10. Nxd4 a6 11. O-O-O Bb4 12. h4 h5 13. Bd3 Nc5 14. a3 Nxd3+ 15.
Qxd3 Be7 16. Bf2 Bd7 17. Rdg1 Qc7 18. g4 O-O-O 19. Rh3 hxg4 20. Rxg4 Rh5 21.
Nf3 Rdh8 22. Na4 Nb4 23. Nb6+ Qxb6 24. Bxb6 Nxd3+ 25. cxd3 Rf5 26. Nd4 Rfh5 27.
Nf3 Rf5 28. Nd4 Rfh5 29. Nf3 Bb5 30. Kd2 Kd7 31. Rh1 Rc8 32. Nd4 Bc6 33. Ke3
Rch8 34. Nf3 d4+ 35. Bxd4 Bxf3 36. Kxf3 Rxh4 37. Rgxh4 Rxh4 38. Rxh4 Bxh4 39.
Ke4 Kc6 40. a4 Be1 41. Be3 Bb4 42. Bd4 b5 43. axb5+ Kxb5 44. Ke3 Ka4 45. Bb6
Kb3 46. Bd4 a5 47. Ke4 a4 48. Ke3 Kc2 49. Ke4 Bd2 0-1

[Event "SR 2. liga A 2016/2017"]
[Site "?"]
[Date "2018.02.25"]
[Round "9.6"]
[White "Merva, Frantisek"]
[Black "Zajicek, Ferdinand"]
[Result "1-0"]
[WhiteElo "2088"]
[BlackElo "1764"]
[PlyCount "89"]
[EventDate "2017.??.??"]
[WhiteTeam "DSC Potonska veza"]
[BlackTeam "SK Nafta Gbely"]

1. d4 c5 2. e3 cxd4 3. exd4 d5 4. Bd3 Nf6 5. c3 e6 6. Nf3 Nc6 7. O-O Be7 8.
Nbd2 a6 9. a4 O-O 10. h3 Bd7 11. Ne5 Qc7 12. f4 Ne8 13. Ndf3 f6 14. Nxd7 Qxd7
15. Qe2 f5 16. Re1 Nc7 17. Bd2 Bf6 18. b4 b6 19. Kh1 g6 20. Ng5 Rfe8 21. Qf2
Qg7 22. Nf3 Qd7 23. Ne5 Bxe5 24. fxe5 Nd8 25. Bg5 Rf8 26. Qh4 Rf7 27. g4 Ne8
28. gxf5 exf5 29. Bxd8 Qxd8 30. Qxd8 Rxd8 31. Bxa6 Ra8 32. Bb5 Nc7 33. Bc6 Rb8
34. c4 Rd8 35. a5 bxa5 36. Rxa5 dxc4 37. d5 Re7 38. Rc5 c3 39. b5 c2 40. b6
Nxd5 41. Bxd5+ Kg7 42. b7 Rxd5 43. Rxd5 Rxb7 44. Rc5 Rb1 45. Rg1 1-0

[Event "SR 2. liga A 2016/2017"]
[Site "?"]
[Date "2018.03.17"]
[Round "10.1"]
[White "Lanc, Alois"]
[Black "Takacs, Laszlo"]
[Result "1-0"]
[WhiteElo "2281"]
[BlackElo "2247"]
[PlyCount "81"]
[EventDate "2017.??.??"]
[WhiteTeam "Lokomotiva Trnava B"]
[BlackTeam "DSC Potonska veza"]

1. e4 c5 2. Nf3 e6 3. d4 cxd4 4. Nxd4 a6 5. Bd3 Bc5 6. Nb3 Be7 7. Nc3 Nc6 8.
Qe2 Qc7 9. f4 d6 10. Be3 Nf6 11. g4 b5 12. g5 Nd7 13. O-O b4 14. Nd1 Nc5 15.
Qf2 Nb8 16. Qg3 Nbd7 17. Nf2 Bb7 18. Nd4 O-O-O 19. a3 b3 20. cxb3 Nxd3 21. Nxd3
Nc5 22. Rac1 Nxd3 23. Rxc7+ Kxc7 24. Bd2 Bxe4 25. Ba5+ Kb7 26. Rd1 Nxb2 27. Rd2
Rc8 28. Rxb2 Rc1+ 29. Kf2 Rhc8 30. Ne2 R1c5 31. b4 Rc4 32. b5 d5 33. bxa6+ Kc6
34. Qb3 Kd7 35. Qb5+ R4c6 36. Nc3 Bxa3 37. Rd2 Bc5+ 38. Kg3 Bf5 39. Nxd5 exd5
40. Rxd5+ Ke6 41. Re5+ 1-0

[Event "SR 2. liga A 2016/2017"]
[Site "?"]
[Date "2018.03.17"]
[Round "10.1"]
[White "Marosi, Csaba"]
[Black "Kovacocy, Pavol"]
[Result "1/2-1/2"]
[WhiteElo "2027"]
[BlackElo "2255"]
[PlyCount "33"]
[EventDate "2017.??.??"]
[WhiteTeam "DSC Potonska veza"]
[BlackTeam "Lokomotiva Trnava B"]

1. e4 c5 2. Nf3 g6 3. c4 Nc6 4. Nc3 Bg7 5. Be2 d6 6. h3 Nf6 7. O-O O-O 8. d3
Ne8 9. Be3 Nc7 10. d4 cxd4 11. Nxd4 Nxd4 12. Bxd4 Bxd4 13. Qxd4 Ne6 14. Qe3 Qa5
15. Nd5 Re8 16. b4 Qd8 17. Rfd1 1/2-1/2

[Event "SR 2. liga A 2016/2017"]
[Site "?"]
[Date "2018.03.17"]
[Round "10.1"]
[White "Kavon, Rastislav"]
[Black "Darasz, Zoltan"]
[Result "1-0"]
[WhiteElo "2184"]
[BlackElo "2165"]
[PlyCount "61"]
[EventDate "2017.??.??"]
[WhiteTeam "Lokomotiva Trnava B"]
[BlackTeam "DSC Potonska veza"]

1. e4 c5 2. Nf3 d6 3. d4 cxd4 4. Nxd4 Nf6 5. Nc3 a6 6. h3 e6 7. g4 d5 8. exd5
Nxd5 9. Nde2 Bb4 10. Bg2 O-O 11. Bd2 Nxc3 12. Nxc3 Qc7 13. a3 Bd6 14. Ne4 Bf4
15. O-O Bd7 16. Bxf4 Qxf4 17. Qd6 e5 18. Nc5 Bc6 19. Nd3 Qd2 20. Rfd1 Qxc2 21.
Rac1 Qb3 22. Nxe5 Qxb2 23. Qe7 g6 24. Rc4 Bxg2 25. Rc8 Rxc8 26. Qxf7+ Kh8 27.
Qf6+ Kg8 28. Rd8+ Rxd8 29. Qxd8+ Kg7 30. Qe7+ Kh6 31. g5+ 1-0

[Event "SR 2. liga A 2016/2017"]
[Site "?"]
[Date "2018.03.17"]
[Round "10.1"]
[White "Cibulka, Vladimir"]
[Black "Puskar, Peter"]
[Result "1/2-1/2"]
[WhiteElo "2151"]
[BlackElo "2199"]
[PlyCount "41"]
[EventDate "2017.??.??"]
[WhiteTeam "DSC Potonska veza"]
[BlackTeam "Lokomotiva Trnava B"]

1. d4 d5 2. Nf3 e6 3. Bg5 Nf6 4. e3 Be7 5. Nbd2 Nbd7 6. Bd3 O-O 7. O-O b6 8.
Ne5 Bb7 9. f4 c5 10. c3 Ne4 11. Bxe7 Qxe7 12. Nxd7 Qxd7 13. Qe2 Nxd2 14. Qxd2
f5 15. dxc5 bxc5 16. Rad1 Qc7 17. Be2 Rfd8 18. Bf3 a5 19. Qf2 a4 20. g4 g6 21.
gxf5 1/2-1/2

[Event "SR 2. liga A 2016/2017"]
[Site "?"]
[Date "2018.03.17"]
[Round "10.1"]
[White "Arendas, Marek"]
[Black "Veselsky, Jozef"]
[Result "1/2-1/2"]
[WhiteElo "2106"]
[BlackElo "2122"]
[PlyCount "89"]
[EventDate "2017.??.??"]
[WhiteTeam "Lokomotiva Trnava B"]
[BlackTeam "DSC Potonska veza"]

1. e4 c5 2. Nf3 Nc6 3. d4 cxd4 4. Nxd4 Nf6 5. Nc3 d6 6. Be2 g6 7. Be3 Bg7 8.
Qd2 O-O 9. Nxc6 bxc6 10. Bh6 Qb6 11. Bxg7 Kxg7 12. b3 Ba6 13. O-O Bxe2 14. Qxe2
Qb4 15. Qd3 Rad8 16. a3 Qb6 17. Na4 Qa5 18. Rfe1 e5 19. Rad1 d5 20. exd5 Rxd5
21. Qf1 Rfd8 22. Rxd5 Rxd5 23. Rd1 Ne4 24. Qe2 Qd8 25. Rxd5 Qxd5 26. Nb2 Qd4
27. Nd3 f6 28. Qe3 Qxe3 29. fxe3 Kf7 30. Nb4 c5 31. Nc6 a6 32. Nb8 Ke6 33. Nxa6
Kd6 34. Kf1 Kc6 35. b4 cxb4 36. Nxb4+ Kb5 37. Ke2 Ka4 38. Nd5 Kxa3 39. Kd3 f5
40. c4 Ka4 41. Kc2 Ka5 42. Kb3 Ka6 43. Kb4 Kb7 44. Kb5 Nd6+ 45. Kc5 1/2-1/2

[Event "SR 2. liga A 2016/2017"]
[Site "?"]
[Date "2018.03.17"]
[Round "10.1"]
[White "Csuri, Szilveszter"]
[Black "Puchart, Vladimir"]
[Result "1-0"]
[WhiteElo "1973"]
[BlackElo "2068"]
[PlyCount "77"]
[EventDate "2017.??.??"]
[WhiteTeam "DSC Potonska veza"]
[BlackTeam "Lokomotiva Trnava B"]

1. e4 c5 2. Nf3 d6 3. d4 cxd4 4. Nxd4 Nf6 5. Nc3 a6 6. Be2 e5 7. Nb3 Be7 8. Be3
O-O 9. f3 Be6 10. O-O Nbd7 11. Qe1 b5 12. Qf2 Qc7 13. a3 Rab8 14. Rac1 Nb6 15.
Nd2 d5 16. Ncb1 dxe4 17. fxe4 Rfd8 18. h3 Nc4 19. b4 Nxe3 20. Qxe3 Qb7 21. Bd3
Rd6 22. Kh1 Rbd8 23. Qg3 Nd7 24. Nf3 Bc4 25. Bxc4 bxc4 26. Nxe5 Nxe5 27. Qxe5
Re6 28. Qf4 Bf6 29. Rce1 Rd4 30. Nc3 Qe7 31. Qf3 Be5 32. Nd5 Qe8 33. Rd1 Rxd1
34. Rxd1 Qc6 35. Rf1 Qe8 36. Qe2 Bg3 37. Qg4 Be5 38. Rf5 g6 39. Rxe5 1-0

[Event "SR 2. liga A 2016/2017"]
[Site "?"]
[Date "2018.03.17"]
[Round "10.1"]
[White "Sturdik, Igor"]
[Black "Kalmar, Tamas"]
[Result "0-1"]
[WhiteElo "1998"]
[BlackElo "2098"]
[PlyCount "82"]
[EventDate "2017.??.??"]
[WhiteTeam "Lokomotiva Trnava B"]
[BlackTeam "DSC Potonska veza"]

1. e4 e6 2. d4 d5 3. Nc3 dxe4 4. Nxe4 Bd7 5. Nf3 Bc6 6. Bd3 Nd7 7. O-O Ngf6 8.
Bg5 Be7 9. Bxf6 Nxf6 10. Qe2 O-O 11. Rad1 Bxe4 12. Bxe4 Nxe4 13. Qxe4 c6 14.
Rfe1 Qd5 15. a3 Qxe4 16. Rxe4 Rfd8 17. Re3 Bf6 18. Red3 Rd5 19. Kf1 Rad8 20. c3
e5 21. R3d2 exd4 22. Nxd4 Bxd4 23. Rxd4 Rxd4 24. cxd4 Kf8 25. Ke2 Ke7 26. Kd3
Rd6 27. Kc4 Re6 28. Rd2 Kd6 29. a4 Re1 30. Rc2 Ra1 31. b3 Re1 32. f3 b6 33. Rd2
Rc1+ 34. Kd3 Re1 35. Kc4 Rc1+ 36. Kd3 Re1 37. Kc4 Re3 38. b4 Ra3 39. d5 Rxa4
40. dxc6+ Kxc6 41. Re2 a5 0-1

[Event "SR 2. liga A 2016/2017"]
[Site "?"]
[Date "2018.03.17"]
[Round "10.1"]
[White "Merva, Frantisek"]
[Black "Doucha, Ludvig"]
[Result "1-0"]
[WhiteElo "2091"]
[BlackElo "1861"]
[PlyCount "57"]
[EventDate "2017.??.??"]
[WhiteTeam "DSC Potonska veza"]
[BlackTeam "Lokomotiva Trnava B"]

1. d4 Nf6 2. c4 c5 3. d5 e5 4. Nc3 d6 5. e4 g6 6. f3 Bg7 7. Be3 a6 8. Qd2 h5 9.
Bd3 Nbd7 10. Nh3 Rb8 11. Ng5 Qc7 12. O-O b5 13. cxb5 c4 14. Be2 axb5 15. a4 Nc5
16. Nxb5 Rxb5 17. axb5 Nb3 18. Qc3 Nxa1 19. Rxa1 Qb8 20. Qxc4 Bd7 21. b6 O-O
22. Ra7 Bh6 23. h4 Rc8 24. Rc7 Ne8 25. Rxc8 Bxc8 26. Qc6 Bb7 27. Qd7 Bxg5 28.
Bxg5 Kg7 29. Qd8 1-0

[Event "SR 2. liga A 2016/2017"]
[Site "?"]
[Date "2018.03.17"]
[Round "10.2"]
[White "Gasa, Patrik"]
[Black "Farkas, Gabor"]
[Result "1/2-1/2"]
[WhiteElo "2111"]
[BlackElo "2390"]
[PlyCount "62"]
[EventDate "2017.??.??"]
[WhiteTeam "SK Lowe Piestany"]
[BlackTeam "SK Senec"]

1. e4 c5 2. Nf3 d6 3. Bb5+ Bd7 4. Bxd7+ Qxd7 5. O-O Nc6 6. b3 Nf6 7. Re1 e5 8.
c4 Be7 9. d3 h6 10. Nbd2 g5 11. Nf1 g4 12. N3d2 Nb4 13. Nb1 Nh5 14. a3 Nc6 15.
Ne3 Nd4 16. Nxg4 Nxb3 17. Qxb3 Qxg4 18. Qxb7 Rd8 19. h3 Qg7 20. Nc3 Rg8 21. g4
Nf6 22. Nd5 Nxd5 23. Qxd5 h5 24. f3 Rh8 25. Kg2 Bg5 26. Qb7 hxg4 27. hxg4 Bxc1
28. Raxc1 Qh6 29. Rh1 Qd2+ 30. Kg3 Qf4+ 31. Kg2 Qd2+ 1/2-1/2

[Event "SR 2. liga A 2016/2017"]
[Site "?"]
[Date "2018.03.17"]
[Round "10.2"]
[White "Balogh, Peter"]
[Black "Abel, Peter"]
[Result "1/2-1/2"]
[WhiteElo "2272"]
[BlackElo "2214"]
[PlyCount "61"]
[EventDate "2017.??.??"]
[WhiteTeam "SK Senec"]
[BlackTeam "SK Lowe Piestany"]

1. d4 Nf6 2. c4 c5 3. d5 e5 4. Nc3 d6 5. e4 Be7 6. Bd3 O-O 7. Nge2 Nh5 8. O-O
Bg5 9. a3 g6 10. Kh1 Nd7 11. Nb5 Bxc1 12. Qxc1 Qe7 13. b4 b6 14. Rb1 Ndf6 15.
f3 Kh8 16. Rg1 Ba6 17. bxc5 bxc5 18. Qd2 Rfb8 19. Qa5 Rb6 20. Rb3 Bc8 21. Rbb1
Ne8 22. Qd2 Rab8 23. Nbc3 Rxb1 24. Rxb1 Rxb1+ 25. Bxb1 Qb7 26. Bd3 Bd7 27. Qc2
Kg8 28. Qb1 Qb6 29. Qxb6 axb6 30. Bc2 Nc7 31. Bd3 1/2-1/2

[Event "SR 2. liga A 2016/2017"]
[Site "?"]
[Date "2018.03.17"]
[Round "10.2"]
[White "Kundrik, Peter"]
[Black "Gruca, Miroslav"]
[Result "1/2-1/2"]
[WhiteElo "2241"]
[BlackElo "2178"]
[PlyCount "23"]
[EventDate "2017.??.??"]
[WhiteTeam "SK Lowe Piestany"]
[BlackTeam "SK Senec"]

1. e4 b6 2. d4 Bb7 3. Nc3 e6 4. Nf3 Bb4 5. Bd3 Nf6 6. Qe2 d5 7. exd5 Qxd5 8.
Bd2 Bxc3 9. Bxc3 O-O 10. Bd2 Nbd7 11. c4 Qh5 12. O-O-O 1/2-1/2

[Event "SR 2. liga A 2016/2017"]
[Site "?"]
[Date "2018.03.17"]
[Round "10.2"]
[White "Mihalik, Marek"]
[Black "Pozsar, Peter"]
[Result "0-1"]
[WhiteElo "1997"]
[BlackElo "1905"]
[PlyCount "86"]
[EventDate "2017.??.??"]
[WhiteTeam "SK Lowe Piestany"]
[BlackTeam "SK Senec"]

1. d4 Nf6 2. c4 c5 3. d5 b5 4. cxb5 a6 5. bxa6 Bxa6 6. Nc3 g6 7. e4 Bxf1 8.
Kxf1 d6 9. g3 Bg7 10. Kg2 O-O 11. Qe2 Nbd7 12. f4 Qc7 13. Nf3 Nb6 14. Rd1 Nfd7
15. h4 c4 16. h5 Nc5 17. hxg6 fxg6 18. Nb5 Qd7 19. Nbd4 Qg4 20. Nc6 Rae8 21. e5
Nd3 22. exd6 Nxd5 23. Nxe7+ Kh8 24. Rxd3 cxd3 25. Qxd3 Nxe7 26. dxe7 Rxe7 27.
Bd2 Rd7 28. Qc2 g5 29. Kf2 Rfd8 30. Rh1 Rd3 31. Be3 Qf5 32. Qe2 Re8 33. g4 Qd5
34. Nxg5 Rexe3 35. Rxh7+ Kg8 36. Qxe3 Rxe3 37. Kxe3 Bd4+ 38. Ke2 Qc4+ 39. Kf3
Qd3+ 40. Kg2 Qe2+ 41. Kh3 Bg1 42. Kh4 Qh2+ 43. Nh3 Kxh7 0-1